| 000 | 00585nam a2200193Ii 4500 | ||
|---|---|---|---|
| 003 | JO-AjNU | ||
| 008 | 230605s9999||||xx |||||||||||||| ||und|| | ||
| 040 |
_aJO-AjNU _bara _erda _cJO-AjNU |
||
| 041 | _aara | ||
| 050 | 1 | 4 | _aDT95.88.S4.S4 1981 |
| 100 | 3 |
_aشلبي، محمود, _eauthor _920887 |
|
| 245 | 0 | 0 | _aحياة شجرة الدر |
| 264 | 3 | 1 | _aبيروت: دار الجيل، 1981 |
| 300 | _a168ص | ||
| 336 |
_atext _btxt _2rdacontent |
||
| 337 |
_aunmediated _bn _2rdamedia |
||
| 338 |
_avolume _bnc _2rdacarrier |
||
| 650 | 4 |
_aتراجم-شجرة الدر-تاريخ _920888 |
|
| 999 |
_aA7162 _c10730 _d10730 |
||